| 000 | 00981aab a2200217 4500 | ||
|---|---|---|---|
| 001 | 768714001 | ||
| 003 | CO-MdFUSB | ||
| 005 | 20240607112912.0 | ||
| 008 | 170510s1994 cr ||||| |||| 00| 0 spa d | ||
| 022 | _a1409-1968 | ||
| 040 |
_aCO-MdFUSB _bspa _cCO-MdFUSB _dCO-MdFUSB |
||
| 041 | _aspa | ||
| 100 | 1 |
_aNúñez, Emilio A. _eautor |
|
| 245 | 1 | 3 |
_aEl evangelio de la prosperidad _c/ Emilio A. Núñez |
| 300 |
_aVolumen 11. Número 4 (1994), páginas 33-35 _c: 27 cm. |
||
| 520 | _aUna de las novedades de la comunidad evangélica latinoamericana es el así llamado "evangelio de la prosperidad"; otro producto de importación que hemos recibido del norte. Aquí se evidencian algunos posibles problemas del evangelio de la prosperidad; entre ellos: Generalización y Reduccionismo. | ||
| 650 | 0 |
_aTeología de la prosperidad _91860 |
|
| 773 | 0 |
_tApuntes Pastorales _049442 _977110 _gVolumen 11. Número 4 (1994), páginas 33-35 _qPágina 33 |
|
| 942 | _cANA | ||
| 945 | _aJTF-925 | ||
| 999 |
_c52993 _d52993 |
||